000 00300nam a2200133Ia 4500
008 190216s9999||||xx |||||||||||||| ||und||
100 _aHadley G
245 0 _aLinear Algebra
250 _a9th ed
260 _bAddison-Wesley Pbl: Co:
_c1980
300 _a290
650 _aMathematics
942 _cBK
999 _c30796
_d30796